000 00382nam a22001337a 4500
008 230704b xxu||||| |||| 00| 0 eng d
020 _a9211480868
082 _a363.4
_bINC
110 _bInternational Narcotics control Board
245 _aReport of the International Narcotics Control Board for 1992
260 _aNew York
_bUnited Nations
_c1992
300 _a54p
942 _2ddc
_cBK
999 _c3896
_d3896